Guía esencial de psicofarmacología del niño y del adolescente (Registro nro. 309017)
[ vista simple ]
| 000 -ENCABEZADO | |
|---|---|
| Número de control [NR] | 01185cam a2200313Mc 4500 |
| 001 - NÚMERO DE CONTROL | |
| control field | ocn986461569 |
| 005 - FECHA Y HORA DE LA ÚLTIMA TRANSACCIÓN | |
| control field | 20180129074221.0 |
| 008 - DE LONGITUD FIJA DE DATOS DE ELEMENTOS - INFORMACIÓN GENERAL | |
| Elementos de longitud fija [NR] | 180119s2017 ck a 001 0 spa d |
| 015 ## - NUMERO DE BIBLIOGRAFIA NACIONAL [R] | |
| Número de bibliografía nacional [R] | MON1704 |
| 017 ## - NUMERO DEL REGISTRO DE DERECHOS DE AUTOR O DEL DEPOSITO LEGAL [R] | |
| Número de registro de derechos de autor (“copyright”) [R] | M 23990-2016 |
| Agencia que asigna el número [NR] | Oficina Depósito Legal Madrid |
| 020 ## - NUMERO INTERNACIONAL NORMALIZADO PARA LIBROS [R] | |
| Número Internacional Normalizado del libro [NR] | 9788491101161 |
| 020 ## - NUMERO INTERNACIONAL NORMALIZADO PARA LIBROS [R] | |
| Número Internacional Normalizado del libro [NR] | 8491101160 |
| 035 ## - NUMERO DE CONTROL DEL SISTEMA [R] | |
| Número de control del sistema [NR] | (OCoLC)986461569 |
| 040 ## - FUENTE DE CATALOGACION [NR] | |
| Agencia de catalogación original [NR] | Co-BoUCM |
| Idioma de catalogación [NR] | spa |
| Quien Cataloga | Saul Niño |
| Quien Clasifica | Saul Niño |
| 041 0# - CODIGO DE IDIOMA [R] | |
| Código de idioma para texto/pista de sonido o título separado [R] | Español |
| 060 ## - SIGNATURA TOPOGRAFICA DE LA BIBLIOTECA NACIONAL DE MEDICINA (NLM) [R] | |
| Número clasificador [R] | WS 350.2 |
| 080 ## - NUMERO DE CLASIFICACION DECIMAL UNIVERSAL (CDU) [R] | |
| Número de la Clasificación Decimal Universal [NR] | 615.214-053.2 |
| 080 ## - NUMERO DE CLASIFICACION DECIMAL UNIVERSAL (CDU) [R] | |
| Número de la Clasificación Decimal Universal [NR] | 159.96 |
| 245 00 - MENCION DE TITULO [NR] | |
| Título [NR] | Guía esencial de psicofarmacología del niño y del adolescente |
| Mención de responsabilidad, etc. [NR] | coordinador, César Soutullo Esperón ; prólogo, Andrés Martin |
| 250 ## - MENCION DE EDICION [NR] | |
| Mención de edición [NR] | Segunda edición |
| 260 ## - PUBLICACION, DISTRIBUCION, ETC. (PIE DE IMPRENTA) [R] | |
| Lugar de publicación, distribución, etc. [R] | Bogotá (Colombia) |
| -- | Buenos Aires (Colombia) |
| Nombre del editor, distribuidor, etc. [R] | Médica Panamericana |
| Fecha de publicación, distribución, etc. [R] | 2017 |
| 300 ## - DESCRIPCION FISICA [R] | |
| Extensión [R] | xx, 298 páginas |
| Otros detalles físicos [NR] | Gráficas |
| 650 #7 - ASIENTO SECUNDARIO DE MATERIA - TERMINO TEMATICO [R] | |
| Término temático o nombre geográfico como elemento de entrada [NR] | Psicofarmacología |
| 9 (RLIN) | 22794 |
| 650 #7 - ASIENTO SECUNDARIO DE MATERIA - TERMINO TEMATICO [R] | |
| Término temático o nombre geográfico como elemento de entrada [NR] | Niños |
| Subdivisión general [R] | psicofarmacología |
| Subdivisión de forma [R] | Estudios y conferencias |
| 9 (RLIN) | 127 |
| 650 #7 - ASIENTO SECUNDARIO DE MATERIA - TERMINO TEMATICO [R] | |
| Término temático o nombre geográfico como elemento de entrada [NR] | Adolescentes |
| Subdivisión general [R] | Psicofarmacología |
| Subdivisión de forma [R] | Estudios y conferencias |
| 9 (RLIN) | 8632 |
| 700 1# - ASIENTO SECUNDARIO - NOMBRE PERSONAL [R] | |
| Nombre personal [NR] | Soutullo Esperón, César |
| 9 (RLIN) | 90882 |
| Término de relación [R] | coordinador |
| 700 1# - ASIENTO SECUNDARIO - NOMBRE PERSONAL [R] | |
| Nombre personal [NR] | Álamo González, Cecilio |
| 9 (RLIN) | 90883 |
| Término de relación [R] | coordinador |
| 942 ## - ELEMENTOS DE ENTRADA AGREGADOS (KOHA) | |
| Sistema de clasificación | NLM |
| Tema principal | Medicina |
| Tipo de ítem principal el descrito en 300a | Libro |
| Edición | 1 |
| Clasificación | WS 350.2 |
| Parte restante de la signatura top. | G943e |
| Total préstamos | Signatura topográfica | Código de barras | Última vez visto | Volúmen / Fascículo | Ejemplar | Costo de reposición | Price effective from | Tipo de ítem | Perdido | Sistema de clasificación | Dañado | No prestable | Tipo de ítem específico | Suprimido | Ubicación habitual | Ubicación actual | Localización | Fecha de creación | Proveedor | Forma de adquisición | Costo |
|---|---|---|---|---|---|---|---|---|---|---|---|---|---|---|---|---|---|---|---|---|---|
| WS 350.2 G943e | 100156097 | 01/12/2025 | 2a.Ed. | Ej.1 | 99750.00 | 16/01/2018 | Libro | NLM | Libro | Fundación Cardioinfantil | Fundación Cardioinfantil | 1er piso | 16/01/2018 | 34 | Compra | 99750.00 |